LEADER 00823nam0-22002891i-450- 001 990000076090403321 035 $a000007609 035 $aFED01000007609 035 $a(Aleph)000007609FED01 035 $a000007609 100 $a20011111d--------km-y0itay50------ba 101 0 $aita 105 $ay-------001yy 200 1 $aRadiotelegrafia$ei lavori di Hertz e i moderni sistemi di segnalazione attraverso lo spazio$fVittorio Leone. 210 $aNapoli$cB. Pellerano$d1903 215 $a223 p.$cill.$d24 cm 610 0 $aRadiotelegrafia 676 $a621.384 2 700 1$aLeone,$bVittorio$05156 801 0$aIT$bUNINA$gRICA$2UNIMARC 901 $aBK 912 $a990000076090403321 952 $a13 L 02 29$b1562$fFINBC 959 $aFINBC 996 $aRadiotelegrafia$9110405 997 $aUNINA DB $aING01 LEADER 00922nam0 2200253 450 001 000024524 005 20090203120648.0 100 $a20090203d1962----km-y0itaa50------ba 101 0 $aita 102 $aIT 200 1 $aFra Germania e Italia$escritti di storia letteraria$fVittorio Santoli 210 $aFirenze$cLe Monnier$d1962 215 $aXXVI, 346 p., 1 c. di tav.$cill.$d26 cm. 606 1 $aLetteratura$yGermania$yItalia 676 $a830.4$v(21. ed.)$9Letteratura tedesca. 1517-1625 700 1$aSantoli,$bVittorio$0386359 801 0$aIT$bUniversità della Basilicata - B.I.A.$gRICA$2unimarc 912 $a000024524 996 $aFra Germania e Italia$991909 997 $aUNIBAS BAS $aLETTERE CAT $aEXT10$b01$c20090203$lBAS01$h1206 FMT Z30 -1$lBAS01$LBAS01$mBOOK$1BASA1$APolo Storico-Umanistico$2FMAS$BFondo Masini$3FMas/817/1278$6817/1278$5B817/1278$820090203$f04$FPrestabile Didattica